Finanční zdraví příjemců českého a slovenského Operačního programu Životní prostředí

Analýza finančného zdravia príjemcov dotácií z Európskych fondov v Českej a Slovenskej republike. Operačný program Životné prostredie bol vybraný pre analýzu z dôvodov existencie ako v Českej republike, tak na Slovensku a z dôvodov množstva pridelených finančných prostriedkov, ktoré patria k druhým...

Descripción completa

Guardado en:
Detalles Bibliográficos
Autor principal: Čámská, Dagmar
Formato: Capítulo de libro
Lenguaje:checo
Materias:
Etiquetas: Agregar Etiqueta
Sin Etiquetas, Sea el primero en etiquetar este registro!

MARC

LEADER 00000nla a2200000 4500
001 0173959
005 20231121095006.7
041 0 |a cze 
044 |a CZ 
245 1 0 |a Finanční zdraví příjemců českého a slovenského Operačního programu Životní prostředí  |c Dagmar Čámská 
520 |a Analýza finančného zdravia príjemcov dotácií z Európskych fondov v Českej a Slovenskej republike. Operačný program Životné prostredie bol vybraný pre analýzu z dôvodov existencie ako v Českej republike, tak na Slovensku a z dôvodov množstva pridelených finančných prostriedkov, ktoré patria k druhým najväčším v obidvoch štátoch. 
610 2 0 |a fondy Európskej únie 
610 2 0 |a Slovensko 
610 2 0 |a Česko 
610 2 0 |a analýza komparatívna 
610 2 0 |a diagnostika podniková 
100 1 |a Čámská, Dagmar